@Moderación, por una educación presencial enriquecida (Record no. 176355)

MARC details
000 -CABECERA
campo de control de longitud fija 01739nab a2200301 a 4500
005 - FECHA Y HORA DE LA ÚLTIMA TRANSACCIÓN
campo de control 20210219162441.0
008 - ELEMENTOS DE LONGITUD FIJA--INFORMACIÓN GENERAL
campo de control de longitud fija 991125s1985 mx 000 0 spa u
035 ## - NÚMERO DE CONTROL DEL SISTEMA
Número de control de sistema UPN01000204254
049 ## - COLECCIÓN
Colección ART-E
100 1# - ASIENTO PRINCIPAL--NOMBRE PERSONAL
Nombre de persona Piña Rodríguez, Madelen
100 1# - ASIENTO PRINCIPAL--NOMBRE PERSONAL
Filiación madelenpinar@gmail.com
222 #0 - TÍTULO CLAVE
Título clave EDUWEB :
Información calificativa REVISTA DE TECNOLOGIA DE INFORMACION Y COMUNICACION EN EDUCACION
245 00 - MENCIÓN DE TÍTULO
Título @Moderación, por una educación presencial enriquecida
260 ## - PUBLICACIÓN, DISTRIBUCIÓN, ETC.
Lugar de publicación, distribución, etc. Venezuela
300 ## - DESCRIPCIÓN FÍSICA
Extensión 113-126
362 0# - FECHAS DE PUBLICACIÓN Y/O DESIGNACIÓN SECUENCIAL
Fecha de publicación y/o designación secuencial 2014 Vol. 8, no. 2, jul.-dic.
336 ## - TIPO DE CONTENIDO
Término de tipo de contenido texto$2rdacontent
337 ## - TIPO DE MEDIO
Nombre/término del tipo de medio computadora$2rdamedia
338 ## - TIPO DE SOPORTE
Nombre/término del tipo de soporte recurso en linea$2rdacarrier
520 3# - NOTA DE RESUMEN, ETC.
Sumario, etc. La educación presencial se ha enriquecido con el desarrollo de las Plataformas Virtuales de Aprendizaje, al incorporarlas de manera asincrónica al proceso de enseñanza y aprendizaje, por lo que se hace necesaria la preparación de quienes la moderan y así lograr con éxito la labor en línea. El objeto de este documento es presentar una experiencia de @moderador de los foros del curso presencial de informática alojado en la Plataforma Virtual de Aprendizaje Moodle como modelo de comunicación y de aprendizaje en la red, basado en la estrategia del modelo teórico G. Salmon (2000) de cinco etapas. Los resultados de esta experiencia dio un alto índice de aceptación por parte de los alumnos en el uso y la forma de @moderar las diferentes actividades por parte del profesor
653 0# - TERMINO DE INDIZACION - NO CONTROLADO
Término no controlado EDUCACION PRESENCIAL
653 0# - TERMINO DE INDIZACION - NO CONTROLADO
Término no controlado PLATAFORMAS VIRTUALES
653 0# - TERMINO DE INDIZACION - NO CONTROLADO
Término no controlado PROCESO ENSEÑANZA-APRENDIZAJE
653 0# - TERMINO DE INDIZACION - NO CONTROLADO
Término no controlado MODERACION EN LINEA
856 4# - LOCALIZACIÓN Y ACCESO ELECTRÓNICOS
Identificador Uniforme del Recurso <a href="http://servicio.bc.uc.edu.ve/educacion/eduweb/index.htm">http://servicio.bc.uc.edu.ve/educacion/eduweb/index.htm</a>
905 ## - TIPO DE MATERIAL
Tipo de material Articulo

No items available.